header

The passion of Max von Oppenheim (Record no. 1131)

MARC details
000 -LEADER
fixed length control field 01278nam a2200313 a 4500
100 1# - MAIN ENTRY--AUTHOR NAME
Personal name Gossman, Lionel.
245 14 - TITLE STATEMENT
Title The passion of Max von Oppenheim
260 ## - PUBLICATION, DISTRIBUTION, ETC. (IMPRINT)
Place of publication Cambridge :
Name of publisher Open Book Publishers,
Year of publication [2013]
300 ## - PHYSICAL DESCRIPTION
Number of Pages xxvi, 388 p. :
Other physical details ill.
650 #0 - SUBJECT ADDED ENTRY--TOPICAL TERM
Topical Term Archaeology
856 40 - ELECTRONIC LOCATION AND ACCESS
Uniform Resource Identifier http://site.ebrary.com/lib/rucke/Doc?id=10715023

No items available.

© 2026 Rongo University
Contact us: librarian | system librarian | Rongo university